000 00354nam a2200133Ia 4500
008 231017s9999 xx 000 0 und d
082 _a624.18
082 _bTEN
245 0 _aCritical Literature Review of High-Performance Corrosion Reinforcements in Concrete Bridge Applications
245 0 _cTRB
260 _bTRB
300 _c30cm
942 _cREP
999 _c603876
_d603876